| 000 | 00765nam a2200229 a 4500 | ||
|---|---|---|---|
| 003 | CBULib | ||
| 005 | 20250522095714.0 | ||
| 008 | 120416s1992 ||||||||||||||||| || u | ||
| 040 |
_aCBULib _bEnglish _cCBULib _erda |
||
| 041 | _aeng | ||
| 050 | _aCBU(02)1992/1 | ||
| 100 | _aSilavwe, Geoffrey W | ||
| 110 |
_91351 _aThe Copperbelt University(CBU) |
||
| 245 | 1 | 0 |
_aDirectory of employment opportunities in Zambia for Copperbelt University graduates _c/ by The Copperbelt University(CBU) |
| 260 |
_aKitwe : _bCopperbelt University, _c1992. |
||
| 300 | _a64 pages | ||
| 336 |
_2rdacontent _aText | _btxt |
||
| 337 |
_2rdamedia _aUnmediated | _bn |
||
| 338 |
_2rdacarrier _aVolume _bnc |
||
| 650 | 0 |
_94600 _aTHE COPPERBELT UNIVERSITY--DIRECTORIES |
|
| 942 |
_2mc _c030 |
||
| 999 |
_c63579 _d63579 |
||